| 000 | 00000nam 2200000zi 4500 |
| 001 | 9.947122 |
| 003 | CaOODSP |
| 005 | 20250121091805 |
| 006 | m o d f |
| 007 | cr bn||||||||| |
| 008 | 250120s1999 onca obu f000 0 fre d |
| 020 | |z0660962098 |
| 040 | |aCaOODSP|bfre|erda|cCaOODSP |
| 043 | |an-cn--- |
| 086 | 1 |aNR36-1/1995-5F-PDF|zNR36-1/1995-5F |
| 245 | 00|aGuide de l'utilisateur - CNB 1995 : |bSéparation des milieux différents (partie 5) / |cpublié par la Commission canadienne des codes du bâtiment et de prévention des incendies. |
| 246 | 13|aGuide de l'utilisateur - Code national du bâtiment - Canada, 1995 : |bSéparation des milieux différents (partie 5) |
| 250 | |aÉbauche, Première édition, Première impression. |
| 264 | 1|aOttawa : |bConseil national de recherches du Canada, |c1999. |
| 300 | |a1 ressource en ligne (1 volume (pagination multiple)) : |billustrations |
| 336 | |atexte|btxt|2rdacontent/fre |
| 337 | |ainformatique|bc|2rdamedia/fre |
| 338 | |aressource en ligne|bcr|2rdacarrier/fre |
| 500 | |aTitre de la couverture. |
| 500 | |aLe numéro de catalogue (NR36-1/1995-5F) et l'ISBN (0660962098) de l'édition imprimée ont été copiés dans l'édition électronique. |
| 500 | |aPublié aussi en anglais sous le titre : User's Guide - NBC 1995 : Environmental Separation (Part 5). |
| 504 | |aComprend des références bibliographiques. |
| 520 | |a« Le présent Guide de l'utilisateur traite de la partie 5 de l'édition 1995 du Code national du bâtiment (CNB) et vise à permettre une meilleure compréhension des exigences de la partie 5. Une connaissance accrue des objectifs des exigences, et des principes généraux sur lesquels ils sont fondés, aidera l'utilisateur à se conformer au CNB et à s'assurer que l'enveloppe du bâtiment et les autres éléments séparant des milieux de nature différente respectent les niveaux de performance requis » -- Préface, page v. |
| 650 | 6|aConstruction|xDroit|zCanada|vCodes. |
| 650 | 6|aConstructions|xNormes|zCanada. |
| 710 | 2 |aCommission canadienne des codes du bâtiment et de prévention des incendies, |eorganisme de publication. |
| 775 | 08|tUser's Guide - NBC 1995 : |w(CaOODSP)9.947121 |
| 856 | 40|qPDF|s701 Ko|uhttps://publications.gc.ca/collections/collection_2025/cnrc-nrc/NR36-1-1995-5-fra.pdf |
| 986 | |a43409F |